Seguro colectivo contra los accidentes del trabajo : tarifas e instrucciones / Asociación General Técnica Aseguradora tarifas e instrucciones / Asociación General Técnica Aseguradora
Descripción Física:
36 p. ; 23 cm
MARC
| LEADER | 00000nam a2200000Ia 4500 | ||
|---|---|---|---|
| 001 | 17528 | ||
| 003 | BGR | ||
| 005 | 20260410113714.0 | ||
| 008 | 160829s1933 xx 000 0 cat d | ||
| 080 | |a RF-2-1 | ||
| 110 | 2 | |9 70368 |a Asociación General Técnica Aseguradora | |
| 245 | |a Seguro colectivo contra los accidentes del trabajo : |b tarifas e instrucciones / Asociación General Técnica Aseguradora | ||
| 260 | |a Madrid : |b Hijos de M. G. Hernández, |c 1933 | ||
| 300 | |a 36 p. ; |c 23 cm | ||
| 650 | |a Assegurances d'accidents de treball |x Tarifes |x Espanya |9 37768 | ||
| 856 | 4 | |u https://media.diba.cat/diba/fitxers/arxiu/fulletons/bib_17528_baixa.pdf |y Accés lliure | |
| 856 | 4 | |u https://media.diba.cat/diba/fitxers/arxiu/fulletons/bib_17528_baixa.pdf |y Accés lliure | |
| 900 | |a bib_17528_baixa.pdf | ||
| 901 | |a Arxiu | ||
| 942 | |n 1 |2 udc |c MON | ||
| 952 | |0 0 |1 0 |4 0 |6 RF21 |7 1 |9 42170 |a Arxiu |b Arxiu |d 2016-12-01 |l 0 |o RF-2-1 |p 17528 |r 2016-12-01 00:00:00 |w 2016-12-01 |y ARXIU | ||
| 999 | |c 44617 |d 44617 | ||